000 01310nam a2200397 a 4500
001 21679
003 VRT
005 20260309090913.0
008 240801s2004 xo a j 100 f slo
015 _aSNBA2005/06-02284
020 _a8096900722
_q(viaz.)
035 _aSNK000441730
035 _aurn:nbn:sk:snk-amlus2
035 _aurn:nbn:sk:snk-am00cdmn
035 _aB5578657-44CD-408C-AC11-72827D69BE67
039 9 _a202408011116
_bVLOAD
_c202402262149
_dVLOAD
_c201712011326
_dVLOAD
_c201711231021
_dVLOAD
040 _aSNK
_bslo
_cSNK
041 1 _aslo
_hhun
044 _axo
_cSK
072 7 _a821-93
_xLiteratúra pre deti a mládež
_2konspekt
080 _a(0:82-342)
_2MDT-MRF
080 _a821-93
_2MDT-MRF
130 0 _aKerekerdő meséi
_lSlovensky
245 0 0 _aBájky z rozprávkového lesa
250 _a[1. vyd.]
260 _aPrešov
_bLuna corporation
_c[2004]
300 _a96 s.
_bfareb. ilustr.
_c29 cm
655 7 _aumelecká literatúra
_2SNKPH
655 7 _abájky
_2SNKPH
655 7 _apublikácie pre deti
_2SNKPH
942 _2ddc
_cKLDE
_n0
949 _617A1493443
_asnkSB 69649 D1
_bsnk2023/1168
_o310/22 - em
949 _617A0453312
_asnkSB 69649
_bsnkKSP 15247/2004
_s6100:20160606
999 _c21679
_d21679